000 00963cam a2200313 a 4500
003 OSt
005 20140310184510.0
008 080619s2009 nyu c 000 1 eng
010 _a 2008019625
020 _a9780545385350
020 _a9780385905886 (lib. bdg.)
040 _aDLC
_cDLC
_dDLC
042 _alcac
050 0 0 _aPZ 7
_b.N24Fai 2011
100 1 _aNaylor, Phyllis Reynolds.
_95149
245 1 0 _aFaith, hope, and Ivy June /
_cPhyllis Reynolds Naylor.
250 _a1st ed.
260 _aNew York, NY :
_bScholastic Inc.,
_c2011.
300 _a280 p. :
_c22 cm.
521 _aG8
526 _c900
650 1 _aStudent exchange programs
_vFiction.
_929192
650 1 _aFriendship
_vFiction.
_929193
650 1 _aToleration
_vFiction.
_929194
906 _a7
_bcbc
_corignew
_d1
_eecip
_f20
_gy-gencatlg
942 _2lcc
_cBK-SCHOLAS
999 _c34897
_d34897